000 06142nam a2200229Ia 4500
003 Ost
005 20260507075012.0
008 260507s9999||||xx |||||||||||||| ||und||
040 _cfsecg
041 _aara
082 _a658.1512
100 _aعصفور، محمد شاكر
_eمؤلف
245 0 _aأصول الموازنة العامة /
_c محمد شاكر عصفور
260 _aعمان:
_bدار المسيرة,
_c2008
300 _a501 صفحة؛
_c24 سم
504 _aبيبليوغرافيا: ص. 494
520 _a1. تعريف بالموازنة العامة، مفهوم الموازنة العامة والتطور التاريخي للموازنة العامة، أسئلة للمناقشة. 2. قواعد الموازنة العامة، الخلفية التاريخية لقواعد الموازنة العامة، قاعدة سنوية الموازنة العامة، قاعدة الشمول (أو عمومية الموازنة)، قاعدة وحدة الموازنة قاعدة عدم تخصيص الإيرادات، قاعدة توازن الموازنة العامة، مقارنة بين قواعد الموازنة العامة، مدى تطبيق قواعد الموازنة العامة في المملكة العربية السعودية، أسئلة للمناقشة 3. دورة الموازنة العامة – التحضير والاعتماد، المقصود بدورة الموازنة العامة، تحضير أو إعداد الموازنة العامة، السلطة المختصة بتحضير الموازنة العام خطوات تحضير الموازنة العامة في المملكة العربية السعودية، محتويات مشروع الموازنة العامة، الأجهزة المركزية المختصة بتحضير الموازنة العامة في المملكة، مشكلات تحضير الموازنة العامة في المملكة،اعتماد الموازنة العامة، المقصود باعتماد الموازنة العامة، خطوات اعتماد الموازنة العامة في المملكة العربية السعودية، أسئلة للمناقشة 4. تنفيذ الموازنة العامة،أهداف تنفيذ الموازنة العامة، مبدأ الفصل بين الوظائف الإدارية والوظائف الحسابية، عمليات تنفيذ الموازنة العامة ، تصحيح الموازنة العامة، المناقلات، الحساب الختامي، المال الاحتياطي، الأجهزة المركزية المختصة بتنفيذ الموازنة العامة في المملكة العربية السعودية، مشكلات تنفيذ الموازنة العامة في المملكة، أسئلة للمناقشة 5. الرقابة على تنفيذ الموازنة العامة، مفهوم الرقابة، أهداف الرقابة، عناصر الرقابة، أنواع الرقابة على تنفيذ الموازنة العامة أجهزة الرقابة المالية في المملكة العربية السعودية،أسئلة للمناقشة 6. موازنات المؤسسات العامة والبلديات والإمارات، موازنات المؤسسات العامة، موازنات البلديات، موازنات الإمارات أسئلة للمناقشة 7. أنواع الموازنات العامة – التقليدية والحديثة الموازنة التقليدية ( أو موازنة البنود ) موازنة الأداء ( أو موازنة البرامج والأداء ) موازنة البرامج ( أو موازنة التخطيط والبرمجة ) الموازنة الصفرية ( أو موازنة الأساس الصفري ) أسئلة للمناقشة 8. النفقات العامة مفهوم النفقات العامة تقسيمات النفقات العامة التقسيمات العلمية التقسيمات الوضعية قواعد توزيع النفقات العامة معايير المفاضلة بين المشاريع العامة ظاهرة تزايد النفقات العامة الاثار الاقتصادية على النفقات العامة أسئلة للمناقشة 9. الإيرادات العامة تطور نظرية الايرادات العامة تقسيمات الايرادات العامة انواع الايرادات العامة الايرادات العامة في المملكة العربية السعودية الآثار الاقتصادية للإيرادات العامة أسئلة للمناقشة 10.الموازنة أداة للتوازن المالي والاقتصادي والاجتماعي تأثر الموازنة العامة بالاحوال الاقتصادية في البلاد الموازنة العامة والتوازن المالي الموازنة العامة والتوازن الاقتصادي الموازنة العامة والتوازن الاجتماعي أسئلة للمناقشة 11.ترشيد الإنفاق الحكومي التبذير في الانفاق الحكومي وأشكاله ترشيد الانفاق الحكومي ووسائله الاثار الاقتصادية والاجتماعية لترشيد الانفاق الحكومي أسئلة للمناقشة 12.كيفية إعداد الموازنة العامة – مدخل علمي الامور الواجب مراعاتها عند تقدير أرقام الموازنة العامة طرق تقدير مكونات الموازنة العامة تقدير الايرادات العامة تقدير النفقات العامة محتويات مشروع موازنة منظمة ما اسئلة وتمارين عملية
653 _aالإدارة العامة
653 _aالميزانية
653 _aالميزانية- إدارة ومالية
942 _cكتاب
999 _c42165
_d42165